La iglesia costarricense : entre Dios y el César /

保存先:
書誌詳細
第一著者: Picado, Miguel
フォーマット: 不明
言語:Spanish
出版事項: San José, Costa Rica : Departamento Ecuménico de Investigaciones, 2005.
シリーズ:(Colección historia de la Iglesia y la teologia)
主題:
タグ: タグ追加
タグなし, このレコードへの初めてのタグを付けませんか!

MARC

LEADER 000000000a22000000004500
001 009519
008 171122b xxu||||| |||| 00| 0 spa d
020 |a 9977904839 
041 0 |a spa 
082 0 4 |a 282.728.6   |b P585i 
100 1 |a Picado, Miguel 
245 1 3 |a La iglesia costarricense :   |b entre Dios y el César /   |c Miguel Picado. 
260 1 |a San José, Costa Rica :   |b Departamento Ecuménico de Investigaciones,   |c 2005. 
300 |a 160 páginas ;   |c 21 cm. 
490 1 |a (Colección historia de la Iglesia y la teologia) 
650 4 |a IGLESIA CATOLICA 
650 4 |a COSTA RICA 
942 |c BK  |2 ddc 
999 |c 15752  |d 15752